[Event "HCL-A051"]
[Site "www.playchess.de"]
[Date "2001.02.14"]
[Round "9"]
[White "Eaglewingz"]
[Black "teenspirit"]
[WhiteElo "1348"]
[BlackElo "1773"]
[PlyCount "67"]
[Result "1-0"]

1.c4 b6 2.d4 Bb7 3.Nc3 f5 4.Nf3 Nf6 5.e3 e6 6.Bd3 
Bb4 7.Bd2 O-O 8.O-O d6 9.Re1 Bxc3 10.Bxc3 Ne4 
11.Rc1 Rf6 12.Bf1 Rh6 13.d5 e5 14.Bd3 Nxc3 15.Rxc3 
e4 16.Bc2 exf3 17.Qxf3 Rf6 18.Qh3 g6 19.e4 fxe4 
20.Rxe4 Nd7 21.Rce3 Nf8 22.R4e7 Rf7 23.Rxf7 Kxf7 
24.Ba4 Bc8 25.Qf3+ Qf6 26.Be8+ Kg7 27.Qe2 h5 
28.Re7+ Kh8 29.Rf7 Qe5 30.Rxf8+ Kg7 31.Rf7+ Kg8 
32.Qxe5 dxe5 33.Rxc7 Ba6 34.Bxg6 1-0

[Event "HCL-A053"]
[Site "www.playchess.de"]
[Date "2001.02.14"]
[Round "17"]
[White "sazex"]
[Black "bondegnasker"]
[WhiteElo "1768"]
[BlackElo "1626"]
[PlyCount "65"]
[Result "1-0"]

1.e4 e6 2.d4 d5 3.Nc3 Bb4 4.e5 Qd7 5.Qg4 f5 6.Qg3 
b6 7.a3 Bf8 8.Nf3 Bb7 9.Ne2 Nc6 10.Nf4 O-O-O 
11.Be3 Re8 12.c4 Na5 13.cxd5 Bxd5 14.Nxd5 Qxd5 
15.Nd2 Ne7 16.Rc1 Nb7 17.Bc4 Qd7 18.O-O h6 19.Qf3 
g5 20.Qh5 Nd8 21.Bxg5 Bg7 22.Bxe7 Rxe7 23.Nf3 Nf7 
24.Rc2 Ng5 25.Rfc1 Nxf3+ 26.Qxf3 Kb8 27.Ba6 Qd5 
28.Qxd5 exd5 29.f4 h5 30.Kf2 Bh6 31.Kf3 Rg8 32.g3 
h4 33.R2c6 1-0

[Event "HCL-A055"]
[Site "www.playchess.de"]
[Date "2001.02.14"]
[Round "1"]
[White "chainedpawn"]
[Black "hominoid"]
[WhiteElo "1755"]
[BlackElo "1600"]
[PlyCount "26"]
[Result "0-1"]

1.Nf3 c5 2.c4 Nc6 3.g3 Nf6 4.Bg2 d5 5.cxd5 Nxd5 
6.d4 e6 7.O-O Be7 8.Nc3 Nxc3 9.bxc3 O-O 10.e4 cxd4 
11.cxd4 a5 12.a3 Bd7 13.d5 exd5 0-1

[Event "HCL-A058"]
[Site "www.playchess.de"]
[Date "2001.02.14"]
[Round "9"]
[White "mariuszk"]
[Black "klypp"]
[WhiteElo "2049"]
[BlackElo "2109"]
[PlyCount "50"]
[Result "0-1"]

1.e4 c5 2.Nc3 Nc6 3.g3 g6 4.Bg2 Bg7 5.d3 d6 6.Be3 
Rb8 7.Qd2 Nf6 8.f4 Ng4 9.Nf3 Nxe3 10.Qxe3 O-O 
11.Nd1 Qa5+ 12.c3 Nd4 13.Qd2 Nb3 14.axb3 Qxa1 
15.O-O Qa2 16.Ne3 Be6 17.f5 Bxb3 18.Bh3 e6 19.Nh4 
exf5 20.exf5 Bh6 21.Qe2 Rbe8 22.fxg6 Bxe3+ 23.Kh1 
Bd5+ 24.Bg2 fxg6 25.Rxf8+ Rxf8 0-1

[Event "HCL-A058"]
[Site "www.playchess.de"]
[Date "2001.02.14"]
[Round "18"]
[White "Flash_Force"]
[Black "klypp"]
[WhiteElo "1507"]
[BlackElo "2109"]
[PlyCount "60"]
[Result "0-1"]

1.e4 c5 2.c3 d5 3.exd5 Qxd5 4.d4 e6 5.Nf3 Nc6 
6.Be3 Nf6 7.dxc5 Qxd1+ 8.Kxd1 Ng4 9.b4 Nxe3+ 
10.fxe3 Bd7 11.Bb5 g6 12.Nbd2 a5 13.Nd4 axb4 
14.Bxc6 Bxc6 15.Nxc6 bxc3 16.Nb3 {I missed that 
one...}  bxc6 {Easy to miss that one, normally 
such a knight at c6 would have somewhere to strike 
back...}  17.Kc2 {yes, but still i WAS a little 
careless}  Bg7 18.a4 Kd7 19.Nd4 {yes, but it was 
taking the c5 pawn that was bad, me thinks}  Ra5 
20.Rhd1 Kc7 21.Nb3 Ra7 22.a5 Be5 23.g3 h5 24.Ra4 
Rb8 25.Re4 f6 26.Rxe5 {I can sit and wait for 
death or...}  fxe5 27.Rd6 Rab7 {Interesting 
endgame...}  28.Nc1 {Rather more interesting for 
you than me though :-)}  R7b2+ {Maybe... I was 
sure you couldn't take the bishop, but it turns 
out to be a good practical chance...}  29.Kxc3 {If 
everything is calm and ordered you are sure to win 
so...}  R2b5 30.Kc4 Rxc5+ 0-1

[Event "HCL-A062"]
[Site "www.playchess.de"]
[Date "2001.02.14"]
[Round "15"]
[White "chessnut"]
[Black "Brrrr"]
[WhiteElo "1700"]
[BlackElo "1796"]
[PlyCount "55"]
[Result "1-0"]

1.f4 d5 2.Nf3 Nf6 3.e3 g6 4.d4 Bg7 5.Bd3 O-O 
6.Nbd2 c5 7.c3 Nbd7 {Happy New Year! :-)}  8.O-O 
a6 9.Qe2 Qc7 10.e4 dxe4 11.Nxe4 cxd4 12.Nxd4 b5 
13.Nxf6+ Bxf6 14.f5 Nc5 15.Bf4 Qd7 16.Bc2 Bxd4+ 
17.cxd4 Qxd4+ 18.Be3 Qe5 19.fxg6 hxg6 20.Bxg6 Ne6 
21.Bd3 Bd7 22.Rf5 Qd6 23.Bc5 Nf4 24.Rg5+ Kh8 
25.Qe3 Qxd3 26.Qxf4 f6 {I don't think this will 
last much longer.}  27.Qh4+ Qh7 
28.Rh5 1-0

[Event "HCL-B030"]
[Site "www.playchess.de"]
[Date "2001.02.14"]
[Round "31"]
[White "Gabriele"]
[Black "mike0072000"]
[WhiteElo "1500"]
[BlackElo "1500"]
[PlyCount "64"]
[Result "0-1"]

1.b4 e5 2.Bb2 d6 3.c4 Na6 4.b5 Nc5 5.e3 Bf5 6.d3 
Nf6 7.Nf3 h6 8.Be2 Be7 9.O-O O-O 10.Re1 e4 11.dxe4 
Nfxe4 12.Nbd2 Bf6 13.Bxf6 Qxf6 14.Nxe4 Nxe4 15.Nd4 
Nxf2 16.Qc1 Nd3 17.Bxd3 Bxd3 18.a4 Rfe8 19.Qc3 Be4 
20.Ref1 Qg5 21.Nf3 Bxf3 22.Rxf3 Qe5 23.Qxe5 Rxe5 
24.Kf2 Re4 25.Rc1 Rae8 26.Rc3 Rh4 27.h3 Ree4 28.g4 
h5 29.Rf4 Rxf4+ 30.exf4 hxg4 31.hxg4 Rxg4 32.Kf3 
Rh4 {long time}  0-1

[Event "HCL-B053"]
[Site "www.playchess.de"]
[Date "2001.02.14"]
[Round "8"]
[White "ric70"]
[Black "Gilbert"]
[WhiteElo "1200"]
[BlackElo "1200"]
[PlyCount "108"]
[Result "0-1"]

1.d4 Nf6 2.c4 g6 3.Nc3 Bg7 4.e4 d6 5.Nf3 O-O 6.Be2 
e5 7.d5 Nbd7 8.O-O Nc5 9.Qc2 a5 10.Re1 b6 11.Bg5 
h6 12.Bh4 g5 13.Bg3 Nh5 14.Nd2 Nxg3 15.hxg3 f5 
16.f3 g4 17.exf5 Bxf5 18.Nde4 Qg5 19.Nxg5 Bxc2 
20.Ne6 Nxe6 21.dxe6 Rae8 22.Rac1 Bg6 23.Nd5 c6 
24.Nxb6 Rxe6 25.fxg4 e4 26.Rcd1 Bxb2 27.Nd7 Rf7 
28.Nb8 Bc3 29.Ref1 Rxf1+ 30.Rxf1 d5 31.cxd5 cxd5 
32.Rc1 Bd4+ 33.Kh2 Bf7 34.Bb5 Rb6 35.Nc6 Bb2 
36.Rc5 Ba3 37.Rc3 Bb4 38.Nxb4 axb4 39.Rc8+ Kg7 
40.Be8 Bxe8 41.Rxe8 Ra6 42.Rb8 e3 43.Rxb4 e2 
44.Rb1 d4 45.Kg1 Rf6 46.g5 hxg5 47.Rb7+ Kg8 
48.Rb8+ Kf7 49.Rb7+ Ke8 50.Rb8+ Kd7 51.Rb7+ Kc6 
52.Rb1 d3 53.Rc1+ Kd5 54.a4 d2 0-1

[Event "HCL-B061"]
[Site "www.playchess.de"]
[Date "2001.02.14"]
[Round "3"]
[White "LAUGHINGJOHN"]
[Black "mrchess"]
[WhiteElo "1500"]
[BlackElo "1588"]
[PlyCount "94"]
[Result "0-1"]

1.e4 d6 2.Nf3 Nd7 3.d4 Ngf6 4.Bd3 e5 5.c3 c6 6.O-O 
Be7 7.Re1 Qc7 8.h3 Nf8 9.Nbd2 Ng6 10.Nh2 Nf4 
11.Bf1 O-O 12.Ndf3 Re8 13.a4 h6 14.Kh1 Be6 15.Qc2 
Nh7 16.g3 Nxh3 17.Bxh3 Bxh3 18.g4 Nf6 19.g5 Ng4 
20.gxh6 Nxh6 21.Rg1 Kh8 22.Be3 Be6 23.Rg2 Bf6 
24.Rag1 b5 25.Nf1 Ng4 26.axb5 Nxe3 27.fxe3 Kg8 
28.bxc6 Bh3 29.Rf2 Bxf1 30.Rfxf1 Qxc6 31.d5 Qb6 
32.Qf2 Kf8 33.Ng5 Ke7 34.Nh7 Kd7 35.Qf5+ Kc7 
36.Rxg7 Bxg7 37.Qxf7+ Kd8 38.Ng5 Qxe3 39.Ne6+ Rxe6 
40.dxe6 Qxe4+ 41.Rf3 Qh4+ 42.Kg2 Qg5+ 43.Rg3 Qd2+ 
44.Kh3 Qh6+ 45.Kg4 Qf4+ 46.Kh5 Qxf7+ 47.exf7 
Bf8 0-1

[Event "HCL-B070"]
[Site "www.playchess.de"]
[Date "2001.02.14"]
[Round "34"]
[White "chessape"]
[Black "mrchess"]
[WhiteElo "1314"]
[BlackElo "1587"]
[PlyCount "64"]
[Result "0-1"]

1.d4 d6 2.c4 Nf6 3.Nf3 Nbd7 4.g3 e5 5.Nc3 c6 6.Bg2 
Be7 7.O-O O-O 8.Re1 Re8 9.e4 Qc7 10.Be3 Nf8 11.a3 
Bg4 12.b4 h6 13.Qb3 Ne6 14.d5 Nf8 15.dxc6 bxc6 
16.b5 Reb8 17.a4 N8d7 18.Reb1 Be6 19.Bf1 Ng4 
20.Qc2 Nxe3 21.fxe3 Nf6 22.Bd3 Ng4 23.Rbe1 Nf6 
24.Ref1 Bh3 25.Rfb1 Ng4 26.Qd2 Nf6 27.Qc2 Bd7 
28.Ra2 Rb7 29.Rab2 Ng4 30.Qd2 g5 31.Kg2 cxb5 
32.Nd5 Qd8 0-1

[Event "HCL-B074"]
[Site "www.playchess.de"]
[Date "2001.02.14"]
[Round "9"]
[White "maska"]
[Black "Knotamaster"]
[WhiteElo "1200"]
[BlackElo "1614"]
[PlyCount "94"]
[Result "0-1"]

1.e4 c5 2.Bc4 Nc6 3.Nc3 e6 4.d3 Nf6 5.Nf3 d5 
6.exd5 exd5 7.Bb5 Bd7 8.Qe2+ Be7 9.O-O O-O 10.Bxc6 
Bxc6 11.d4 Re8 12.Qd1 b6 13.Bg5 Ne4 14.Bxe7 Rxe7 
15.Ne5 Bb7 16.f3 Nxc3 17.bxc3 Qc7 18.Qd2 Rc8 
19.Rac1 f6 20.Ng4 cxd4 21.cxd4 Ba6 22.Rfe1 Rce8 
23.Rxe7 Rxe7 24.Ne3 Bc4 25.Nxc4 Qxc4 26.Re1 Rxe1+ 
27.Qxe1 Qxd4+ 28.Kh1 Kf7 29.c3 Qc4 30.Qa1 b5 31.a3 
a5 32.Kg1 Qe2 33.h3 Ke6 34.Qb1 g6 35.a4 Qe3+ 
36.Kf1 bxa4 37.Qa1 Qd3+ 38.Ke1 Qc2 39.Kf1 Qb3 
40.Ke1 a3 41.Kd2 a4 42.g3 Qb2+ 43.Qxb2 axb2 44.Kc2 
a3 45.Kb1 h6 46.Kc2 Kd6 47.Kb1 
Kc5 0-1

[Event "HCL-B074"]
[Site "www.playchess.de"]
[Date "2001.02.14"]
[Round "15"]
[White "maska"]
[Black "boehnisch"]
[WhiteElo "1200"]
[BlackElo "1200"]
[PlyCount "49"]
[Result "1-0"]

1.e4 Nc6 2.Nf3 e5 3.Bc4 Nh6 4.Nc3 b6 5.d3 f6 
6.Bxh6 Bb7 7.Be3 Bc5 8.Qd2 Qe7 9.Nd5 Qd6 10.Bxc5 
bxc5 11.O-O-O O-O-O 12.g4 Nd4 13.Nxd4 cxd4 14.Qb4 
Qe6 15.h3 h5 16.Nf4 Qb6 17.Qxb6 cxb6 18.Ng6 Rh6 
19.gxh5 Rxh5 20.Ne7+ Kc7 21.Rdg1 g5 22.Nf5 Rdh8 
23.Rg3 a6 24.Bf7 d5 25.Bxh5 1-0

[Event "HCL-B096"]
[Site "www.playchess.de"]
[Date "2001.02.14"]
[Round "13"]
[White "Bill"]
[Black "tsit7"]
[WhiteElo "1400"]
[BlackElo "1200"]
[PlyCount "41"]
[Result "1-0"]

1.e4 d6 2.d4 Nf6 3.Nc3 Nc6 4.Be2 b6 5.Nf3 Be6 6.d5 
Qd7 7.dxe6 Qxe6 8.Nb5 Kd8 9.e5 Nxe5 10.O-O c6 
11.Nbd4 Qd5 12.Nxe5 dxe5 13.Nxc6+ Kc7 14.Qxd5 Nxd5 
15.Nxe5 e6 16.Nxf7 Rg8 17.c4 Nb4 18.Bf4+ Kd7 
19.Rfd1+ Kc6 20.Bf3+ Kc5 21.Bxa8 1-0

[Event "HCL-B119"]
[Site "www.playchess.de"]
[Date "2001.02.14"]
[Round "20"]
[White "jackdyn"]
[Black "deepcover"]
[WhiteElo "1200"]
[BlackElo "1200"]
[PlyCount "111"]
[Result "1-0"]

1.e4 e5 2.Nf3 Nf6 3.Nxe5 d6 4.Nf3 Nxe4 5.d4 d5 
6.Bd3 Nc6 7.Nbd2 Bf5 8.O-O Be7 9.Re1 Nxd2 10.Qxd2 
Bxd3 11.Qxd3 O-O 12.Bf4 f6 13.c4 Bd6 14.Bd2 dxc4 
15.Qxc4+ Kh8 16.Rac1 Re8 17.Qb3 Rxe1+ 18.Rxe1 Rb8 
19.a3 Ne7 20.Qa4 a6 21.Qc2 Qg8 22.Qd3 Re8 23.Qe4 
Qb3 24.Bc1 a5 25.Nd2 Qb5 26.Qe6 Qh5 27.h3 b5 
28.Nb3 Ra8 29.Qe4 Qe8 30.Bf4 Bxf4 31.Qxf4 Qd8 
32.Qe4 a4 33.Qxe7 axb3 34.Qc5 Rb8 35.Re3 Kg8 
36.Rxb3 Qd7 37.d5 h6 38.a4 Ra8 39.d6 bxa4 40.Rd3 
c6 41.Re3 Re8 42.Rxe8+ Qxe8 43.g4 Qd7 44.f4 g6 
45.Qd4 Kf7 46.Kf2 Kg7 47.h4 Qe6 48.d7 Qxg4 
{congratulations to your computer}  49.d8Q {%}  
Qxh4+ {What is this (%)? give me a good answer or 
wait}  50.Ke2 Qg4+ {can you finish game without 
help of computer now?}  51.Ke1 Qe6+ 52.Kd2 Qf7 
53.Q4d7 Qxd7+ {take a holliday. See you in about 
30 days. Bye!!}  54.Qxd7+ Kf8 55.Qe6 Kg7 
56.Qe7+ 1-0

[Event "HCL-B129"]
[Site "www.playchess.de"]
[Date "2001.02.14"]
[Round "3"]
[White "ca_blonde"]
[Black "Yogibear"]
[WhiteElo "1750"]
[BlackElo "1825"]
[PlyCount "88"]
[Result "0-1"]

1.d4 d5 2.c4 e5 3.dxe5 d4 4.Nf3 Nc6 5.Nbd2 f6 
6.Ne4 fxe5 7.e3 Bg4 8.h3 Bxf3 9.Qxf3 Bb4+ 10.Bd2 
Bxd2+ 11.Nxd2 Nf6 12.Bd3 O-O 13.O-O Nd7 14.Qd5+ 
Kh8 15.Be4 dxe3 16.fxe3 Nf6 17.Qxd8 Raxd8 18.Rad1 
Nb4 19.Bxb7 Rdb8 20.Bd5 Nc2 21.Rdb1 Nxe3 22.Rfe1 
Nexd5 23.cxd5 Rfe8 24.Nc4 e4 25.Ne3 Re7 26.Re2 Rd8 
27.Rd1 g6 28.Rc2 Kg7 29.g4 Rf7 30.h4 h5 31.Rdc1 
Nxg4 32.R2xc7 Nxe3 33.Rxf7+ Kxf7 34.Rc7+ Kf6 
35.Rxa7 Rxd5 36.Ra6+ Kf5 37.a4 Rd2 38.b4 Ng2 
39.Ra5+ Kf4 40.Rc5 Nxh4 41.Kf1 e3 42.Rc8 Rf2+ 
43.Ke1 Nf3+ 44.Kd1 e2+ 0-1

[Event "HCL-B135"]
[Site "www.playchess.de"]
[Date "2001.02.14"]
[Round "33"]
[White "Deppenhaufen"]
[Black "Tony"]
[WhiteElo "1500"]
[BlackElo "1500"]
[PlyCount "71"]
[Result "1/2-1/2"]

1.c4 e6 2.Nc3 Nf6 3.d4 d5 4.Nf3 c6 5.e3 Bd6 6.Bd3 
O-O 7.O-O Nbd7 8.Qc2 e5 9.cxd5 cxd5 10.e4 dxe4 
11.Nxe4 Nxe4 12.Bxe4 h6 13.Be3 exd4 14.Bh7+ Kh8 
15.Bxd4 Nf6 16.Bf5 Bxf5 17.Qxf5 Re8 18.Bxf6 Qxf6 
19.Qxf6 gxf6 20.Rad1 Rad8 21.Rd2 Bb4 22.Rxd8 Rxd8 
23.Rc1 Bc5 24.Kf1 Rd5 25.a3 a5 26.a4 Kg7 27.Rc2 b5 
28.b3 bxa4 29.bxa4 Be7 30.Rd2 Rc5 31.Nd4 Rc1+ 
32.Ke2 Bb4 33.Rd1 Rc4 34.Kf3 Rc3+ 35.Ke4 Rc4 
36.Kd5 1/2-1/2

[Event "HCL-B140"]
[Site "www.playchess.de"]
[Date "2001.02.14"]
[Round "15"]
[White "SAROS"]
[Black "Hamburger"]
[WhiteElo "1372"]
[BlackElo "1200"]
[PlyCount "88"]
[Result "0-1"]

1.e4 c5 2.c3 e6 3.d4 d5 4.e5 cxd4 5.cxd4 Nc6 6.Bb5 
Bd7 7.Nf3 Qa5+ 8.Nc3 Bb4 9.O-O Bxc3 10.Bxc6 Bxc6 
11.bxc3 Qxc3 12.Bd2 Qa3 13.Qb3 Qxb3 14.axb3 Ne7 
15.Ra3 O-O 16.Rfa1 a6 17.Bb4 Rfe8 18.h3 Bb5 19.Rc1 
Nc6 20.Bd2 Rec8 21.Raa1 f6 22.exf6 gxf6 23.Rc3 Be2 
24.Be3 Bxf3 25.gxf3 Kf7 26.Rac1 Rcg8+ 27.Kh2 Rg6 
28.Rg1 Rag8 29.Rg4 h5 30.Rxg6 Rxg6 31.f4 Rg8 32.f3 
Ke7 33.Rc2 Kd6 34.Rg2 Rxg2+ 35.Kxg2 Na5 36.b4 Nc6 
37.Bd2 Nxd4 38.Bc3 e5 39.Bxd4 exd4 40.Kf2 Ke6 
41.Ke2 Kf5 42.Kd3 Kxf4 43.Kxd4 Kxf3 44.Kxd5 
f5 0-1

[Event "HCL-B144"]
[Site "www.playchess.de"]
[Date "2001.02.14"]
[Round "3"]
[White "mladsir"]
[Black "octopus"]
[WhiteElo "1500"]
[BlackElo "1500"]
[PlyCount "44"]
[Result "0-1"]

1.e4 c6 {sorry}  2.Nf3 d5 3.exd5 cxd5 4.d4 {why 
sorry?}  Nc6 5.Bd3 Nf6 6.O-O Bg4 7.Bb5 e6 8.Bf4 
Bd6 9.Bxc6+ bxc6 10.Bxd6 Qxd6 11.Nbd2 Ne4 12.Re1 
f5 13.h3 Bh5 14.Re3 O-O 15.Qe1 Nxd2 16.Rxe6 Nxf3+ 
17.gxf3 Qf4 18.Rxc6 Qg5+ 19.Kh2 Qf4+ 20.Kg1 Bxf3 
21.Qe6+ Kh8 22.Kf1 Rae8 0-1

[Event "HCL-C090"]
[Site "www.playchess.de"]
[Date "2001.02.14"]
[Round "20"]
[White "Colm"]
[Black "Guano_Ape"]
[WhiteElo "1243"]
[BlackElo "800"]
[PlyCount "49"]
[Result "1-0"]

1.d4 Nf6 2.c4 e5 3.d5 Bc5 4.Nc3 d6 5.Nf3 O-O 6.Bg5 
h6 7.Bh4 Nbd7 8.e3 Qe7 9.Be2 Bb4 10.Qc2 Nc5 11.O-O 
Bg4 12.a3 Bxc3 13.Qxc3 a5 14.b4 axb4 15.axb4 Nce4 
16.Qc2 Bf5 17.Bxf6 Qxf6 18.Bd3 Ng5 19.Bxf5 Nxf3+ 
20.gxf3 Rxa1 21.Rxa1 e4 22.Ra7 Qxf5 23.Qxe4 Qg5+ 
24.Qg4 Qf6 25.Rxb7 1-0

[Event "HCL-C091"]
[Site "www.playchess.de"]
[Date "2001.02.14"]
[Round "11"]
[White "flywheel"]
[Black "Platon"]
[WhiteElo "1382"]
[BlackElo "1059"]
[PlyCount "87"]
[Result "1-0"]

1.e4 d5 2.e5 e6 3.d4 Qh4 4.Qf3 Qe4+ 5.Qxe4 dxe4 
6.Bb5+ Bd7 7.Bxd7+ Nxd7 8.Bg5 Bb4+ 9.c3 Be7 10.Nd2 
Bxg5 11.Nxe4 Be7 12.Nf3 f6 13.exf6 gxf6 14.b4 Nh6 
15.O-O O-O-O 16.a4 e5 17.dxe5 fxe5 18.a5 Rhg8 
19.a6 Nf6 20.axb7+ Kxb7 21.Nxe5 Nxe4 22.b5 Bf6 
23.Ra6 Rd6 24.Nc6 Bxc3 25.Rxa7+ Kb6 26.Rb1 Rxc6 
27.Ra6+ Kb7 28.Rxc6 Nd2 29.Rc1 Rg6 30.R1xc3 Ne4 
31.R6xc7+ Kb6 32.R3c6+ Kxb5 33.R6c1 Rg5 34.Rb1+ 
Ka6 35.Rxh7 Ng4 36.Rh8 Rb5 37.Rxb5 Kxb5 38.f3 Nef2 
39.fxg4 Nxg4 40.h4 Kc6 41.Rd8 Kc7 42.Rd2 Nf6 
43.Kf2 Ne4+ 44.Ke3 1-0

[Event "HCL-C095"]
[Site "www.playchess.de"]
[Date "2001.02.14"]
[Round "6"]
[White "katrina"]
[Black "sun"]
[WhiteElo "828"]
[BlackElo "1000"]
[PlyCount "39"]
[Result "1-0"]

1.d4 d5 2.c4 e6 3.e3 c5 4.Nf3 h6 5.Nc3 Nf6 6.Be2 
Be7 7.O-O O-O 8.b3 Nc6 9.Bb2 a6 10.dxc5 Bxc5 11.a3 
Qd6 12.b4 Ba7 13.c5 Qd8 14.Bd3 e5 15.e4 d4 16.Ne2 
Bg4 17.Ng3 Ne7 18.h3 Be6 19.Nxe5 Nc6 
20.Nxc6 1-0

[Event "HCL-C119"]
[Site "www.playchess.de"]
[Date "2001.02.14"]
[Round "1"]
[White "Nobby"]
[Black "mark609"]
[WhiteElo "1000"]
[BlackElo "1000"]
[PlyCount "23"]
[Result "1-0"]

1.e4 c5 2.Nf3 d6 3.d4 cxd4 4.Nxd4 Nf6 5.Nc3 a6 
6.Be2 e5 7.Nf3 Be6 8.O-O Nbd7 9.Qd3 Nc5 10.Qe3 Ng4 
11.Qd2 g6 12.b4 1-0

[Event "HCL-C142"]
[Site "www.playchess.de"]
[Date "2001.02.14"]
[Round "24"]
[White "Rengar"]
[Black "kldr"]
[WhiteElo "1047"]
[BlackElo "1616"]
[PlyCount "28"]
[Result "0-1"]

1.d4 Nf6 2.c4 Nc6 3.Nc3 e6 4.Nf3 Bb4 5.Bd2 d5 {How 
is life in Seattle?}  6.e3 O-O 7.Qc2 {life in 
seattle is good, glad the site is back though}  
Re8 {I´m also very glad, although Ihaven´t got 
much time at the moment.}  8.a3 Bd6 9.cxd5 {yes, I 
definetly had more time to play before the site 
went down.}  exd5 {Some of my opponents have not 
made any move since the re-starting of this site.} 
 10.Bd3 {About half my opponats dropped.  I lost a 
game because I didn't realize the site had 
returned at 1st}  Bg4 {Now I won a game maybe for 
the same reason.}  11.Ng5 h6 12.Nh7 Nxd4 13.Nxf6+ 
Qxf6 14.Nxd5 Nxc2+ 0-1

[Event "HCL-C144"]
[Site "www.playchess.de"]
[Date "2001.02.14"]
[Round "8"]
[White "Theos666"]
[Black "Mother_Teresa"]
[WhiteElo "1079"]
[BlackElo "1172"]
[PlyCount "70"]
[Result "0-1"]

1.Nf3 Nc6 2.g3 e5 3.d3 d5 4.Bg2 Bc5 5.O-O Nf6 6.e4 
dxe4 7.dxe4 Qxd1 8.Rxd1 O-O 9.Nc3 Bg4 10.a3 a6 
11.b4 Bd4 12.Bb2 Rad8 13.Rd2 Rd6 14.Rb1 Rfd8 15.h3 
Bh5 16.g4 Bg6 17.Ng5 h6 18.Nf3 Nxe4 19.Nxe4 Bxe4 
20.Nxd4 {check our www.worldchessnetwork.com}  
Bxg2 {ok, thanks, I'll check it out}  21.Kxg2 exd4 
22.Re1 b6 {It's a good site.  But I find it 
difficult to understand the way it works.}  
23.Red1 {My first time= minimized AOL, clicked 
icon on desktop, then check Help. Voila. Live 
play.}  b5 24.f3 f6 25.R2d3 Kf7 26.Re3 dxe3 
27.Rxd6 Rxd6 28.Bc1 e2 29.Kf2 Re6 30.Bd2 Nd4 31.h4 
Nxc2 32.g5 hxg5 {I like zone.com much better}  
33.hxg5 e1Q+ {%}  34.Bxe1 Nxa3 35.f4 
fxg5 0-1

[Event "HCL-E003"]
[Site "www.playchess.de"]
[Date "2001.02.14"]
[Round "15"]
[White "ARMAGEDON_8"]
[Black "Dmitriy"]
[WhiteElo "2000"]
[BlackElo "2100"]
[PlyCount "97"]
[Result "1-0"]

1.e4 c5 2.Nf3 Nc6 3.c3 d5 4.exd5 Qxd5 5.d4 Bg4 
6.Be2 Nf6 7.O-O e6 8.h3 Bh5 9.Be3 cxd4 10.Nxd4 
Bxe2 11.Qxe2 Nxd4 12.Bxd4 Be7 13.Rd1 Qc6 14.Nd2 
O-O 15.Nf3 Rfd8 16.c4 Qe4 17.Kf1 Qxe2+ 18.Kxe2 Ne8 
19.Rac1 f6 20.Be3 e5 21.c5 Rxd1 22.Rxd1 Rc8 23.Rd7 
Rc7 24.c6 bxc6 25.Rxc7 Nxc7 26.Bxa7 Nd5 27.Nd2 Kf7 
28.Nc4 Ke6 29.a4 f5 30.a5 Nb4 31.Be3 g6 32.f3 Kd5 
33.Nb6+ Ke6 34.Bd2 Na6 35.Kd3 Bb4 36.Bxb4 Nxb4+ 
37.Kc4 Na6 38.Na4 Kd6 39.b4 e4 40.fxe4 fxe4 41.Nc5 
e3 42.Nd3 e2 43.Kc3 c5 44.b5 Nb4 45.Ne1 Nd5+ 
46.Kd2 Nf4 47.a6 Kc7 48.Ke3 Nd5+ 
49.Kd2 1-0

[Event "HCL-E011"]
[Site "www.playchess.de"]
[Date "2001.02.14"]
[Round "10"]
[White "senna"]
[Black "Tartan-Terror"]
[WhiteElo "2019"]
[BlackElo "2000"]
[PlyCount "51"]
[Result "1-0"]

1.e4 Nf6 2.e5 Nd5 3.d4 d6 4.Nf3 dxe5 5.Nxe5 g6 
6.Bc4 c6 7.O-O Bg7 8.Re1 O-O 9.Bb3 Be6 10.Nd2 Nd7 
11.Ndf3 Nxe5 12.dxe5 Nc7 13.Bxe6 Nxe6 14.Be3 Qc7 
15.Qc1 Rfd8 16.Bh6 Bh8 17.Qe3 Qa5 18.a3 Qb6 
19.Qxb6 axb6 20.Rad1 Rxd1 21.Rxd1 c5 22.Kf1 Rd8 
23.Rxd8+ Nxd8 24.Ke2 Nc6 25.Bf4 e6 
26.a4 1-0

[Event "HCL-E016"]
[Site "www.playchess.de"]
[Date "2001.02.14"]
[Round "36"]
[White "Exchange_with_Tempo"]
[Black "ARMAGEDON_8"]
[WhiteElo "2227"]
[BlackElo "2263"]
[PlyCount "21"]
[Result "1/2-1/2"]

1.d4 f5 2.Nf3 Nf6 3.Bf4 e6 4.e3 d5 5.Bd3 c6 6.O-O 
Be7 7.h3 O-O 8.c4 Bd7 9.Qb3 Qc8 10.Nc3 Be8 {you 
have returned just in time}  11.cxd5 {Yes..almost 
missed the re-opening}  1/2-1/2

[Event "ACL-A048"]
[Site "www.playchess.de"]
[Date "2001.02.14"]
[Round "35"]
[White "vrad"]
[Black "surftimm"]
[WhiteElo "1571"]
[BlackElo "1500"]
[PlyCount "39"]
[Result "1-0"]

1.Nf3 d5 2.g3 Bf5 3.Bg2 Nc6 4.O-O e5 5.d3 e4 6.Nh4 
Nge7 7.Nxf5 Nxf5 8.dxe4 Nfd4 9.exd5 Qxd5 10.Bxd5 
Rd8 11.e4 Bc5 12.Be3 O-O 13.Nd2 Rfe8 14.c3 Ne6 
15.Bxc5 Nxc5 16.Bxc6 bxc6 17.Qc2 f5 18.f3 fxe4 
19.Nxe4 Rd3 20.Nxc5 1-0

[Event "ACL-A051"]
[Site "www.playchess.de"]
[Date "2001.02.14"]
[Round "24"]
[White "JayKay"]
[Black "u2krazie"]
[WhiteElo "1669"]
[BlackElo "996"]
[PlyCount "25"]
[Result "1-0"]

1.e4 c5 2.Nf3 d6 3.Bb5+ Bd7 4.Bc4 Nf6 5.Ng5 e6 
6.Nc3 Be7 7.O-O O-O 8.d4 cxd4 9.Qxd4 Nc6 10.Qe3 
Ng4 11.Qf4 Nge5 12.Bb3 Bf6 13.Rd1 {Happy new 
year!}  1-0

[Event "ACL-A073"]
[Site "www.playchess.de"]
[Date "2001.02.14"]
[Round "24"]
[White "Winkler"]
[Black "Yogibear"]
[WhiteElo "1500"]
[BlackElo "1771"]
[PlyCount "70"]
[Result "0-1"]

1.e4 d5 2.exd5 Qxd5 3.d4 Nc6 4.Nf3 Bg4 5.Be3 Bxf3 
6.Qxf3 Qxf3 7.gxf3 {Hallo Jürgen wie geht e 
dir.Gruß Andreas}  O-O-O 8.c3 e5 {etwas 
erkältet,sonst alles o.k.Schön,dass wir jetzt 
wieder spielen können! Jürgen}  9.dxe5 {Guten Tag 
Jürgen,gute Besserung.Gruß Andreas}  Nxe5 {^Geht 
langsam aufwärts,danke!!}  10.Bh3+ Kb8 11.Ke2 
{Guten Morgen Jürgen,es ist wieder eine 
interessante Partie.Gruß Andreas}  Ne7 {Schönen 
Sonntag, ja stimmt, dein letzter Zug kam 
unerwartet,ist aber gut!!}  12.Nd2 Nd3 13.Rab1 Ng6 
14.Bf5 Ngf4+ 15.Kf1 Be7 16.Bxd3 Nxd3 17.Ke2 Rhe8 
18.Ne4 f5 19.Rbd1 fxe4 {nanu? so leicht wollte ich 
eigentlich nicht gewinnen! Jürgen}  20.fxe4 {ich 
habe da wohl einen kleinen Fehler gemacht.Gruß 
Andreas}  Nxb2 {passiert schon mal, besonders bei 
der grossen Anzahl von Spielen!}  21.Rxd8+ Bxd8 
22.f3 Bf6 23.Bd4 Na4 24.Rc1 c5 25.Bxf6 gxf6 26.Ke3 
c4 27.Kf4 Rd8 28.Kf5 Rd3 29.Kxf6 Rxf3+ 30.Ke5 b5 
31.Re1 Nxc3 32.Ke6 Nxa2 33.e5 c3 34.Ke7 c2 35.e6 
Kc7 0-1

[Event "HCL-C156"]
[Site "www.playchess.de"]
[Date "2001.02.14"]
[Round "10"]
[White "Michael_Schenk"]
[Black "surak"]
[WhiteElo "1110"]
[BlackElo "1243"]
[PlyCount "27"]
[Result "1-0"]

1.e4 {Your move. Have fun!}  e6 {same to you!}  
2.d4 d5 3.e5 c5 4.c3 Qb6 5.Nf3 Bd7 6.Be2 Bb5 7.c4 
Bxc4 8.Bxc4 Qb4+ 9.Nbd2 dxc4 10.Qc2 Nc6 11.O-O 
cxd4 12.Nxc4 b5 13.Nd6+ Bxd6 14.Qxc6+ 1-0

[Event "HCL-A068"]
[Site "www.playchess.de"]
[Date "2001.02.14"]
[Round "15"]
[White "peze"]
[Black "kondor"]
[WhiteElo "1939"]
[BlackElo "1622"]
[PlyCount "49"]
[Result "1-0"]

1.e4 e5 2.Nf3 Nc6 3.Bb5 f5 4.Nc3 fxe4 5.Nxe4 d5 
6.Nxe5 dxe4 7.Nxc6 Qd5 8.c4 Qd6 9.Nxa7+ Bd7 
10.Bxd7+ Qxd7 11.Qh5+ g6 12.Qe5+ Kf7 13.Nb5 Nf6 
14.Qxc7 Qxc7 15.Nxc7 Rc8 16.Nd5 Nxd5 17.cxd5 Rd8 
18.Rf1 Rxd5 19.f3 exf3 20.Rxf3+ Ke6 21.b3 Bd6 
22.Bb2 Rc8 23.Ke2 Bxh2 24.g3 Rg5 
25.Kf2 1-0